banner-ar

THE UNDAUNTED HEZOES / (Record no. 11250)

MARC details
000 -الفاتح
حقل البيانات ثابتة الطول 00427nam a2200169Ia 4500
008 - عناصر البيانات ثابتة الطول - معلومات عامة
حقل البيانات ثابتة الطول 140319s9999 xx 000 0 eng d
040 ## - مصدر الفهرسة
وكالة الفهرسة الأصلية GCL /
وكالة النسخ GCL
082 04 - رقم تصنيف ديوى العشرى
رقم التصنيف 959.7
رقم المادة V U
100 1# - المدخل الرئيسى - إسم شخصى
الإسم الشخصى GLAZUNOV, ILYA
245 10 - بيان العنوان
العنوان THE UNDAUNTED HEZOES /
بيان المسئوليه,etc GLAZUNOV, ILYA
700 1# - المدخل الاضافى - اسم شخصى
الإسم الشخصى VYSOTSKY, SERGEI
650 04 - المدخل الاضافى بالموضوع-مصطلح موضوعى
مصطلح موضوعي HISTORY
650 04 - المدخل الاضافى بالموضوع-مصطلح موضوعى
مصطلح موضوعي VIETNAM - HISTORY
942 ## - عناصر المدخل الإضافي( كوها)
مصدر التصنيف او مخطط الترفيف Dewey Decimal Classification
Koha [default] item type كتاب
260 ## - PUBLICATION, DISTRIBUTION, ETC. (IMPRINT)
-- [S.N] :
-- PROGRESS PUBLISHERS
Holdings
حالة التراجع حالة الفقد حالة تلف ليس للاعارة المكان المؤقت الموقع الحالى تاريخ الاكتساب اجمالي اﻻعارات رقم الطلب الباركود تاريخ اخر مشاهدة تاريخ تفعيل السعر نوع وعاء كوها
        مكتبة القاهرة الكبرى مكتبة القاهرة الكبرى 03/26/2014   959.7\V U 22344 03/26/2014 03/26/2014 كتاب

Powered By

EGPV